LEADER 00814nam a2200205 i 4500 001 000000155376 003 CaOOAMICUS 005 20061108000000.0 008 061108s1957 it u000 u ita u 013 $a132728 040 $aSeMil$bita 100 1 $aMontini, Renzo Uberto.$0(OLS)http://semarc/name/60769 245 13$aLe tombe dei papi /$cRenzo U. Montini Istituto di Studi Romani. 260 $aRoma :$bAngelo Belardetti,$c1957. 650 4$aPapi - Tombe.$0(OLS)http://semarc/subject/30419 710 0 $aIstituto di Studi Romani.$0(OLS)http://semarc/name/966 850 $aSeMil 852 $aSeMil$W1$xVenegono$y1$m5R X 37$j107213$B107213$CSeMilBibl$Z2$F116595 $8I 996 $6245$aLe tombe dei papi$9(OLS)http://semarc/title/227532 996 $6260$aRoma :$bAngelo Belardetti$9(OLS)http://semarc/publisher/32664 LEADER 00667naa a2200145 i 4500 001 000000301194 003 CaOOAMICUS 005 20180831172717.0 008 180831n xx u000 u und u 013 $a8917 040 $aSeMil$bita 100 1 $aScanzillo, Ciriaco,$c.$0(OLS)http://semarc/name/21384 245 12$aI presbiteri e la condivisione dei beni nella comunione ecclesial Centro Eucaristico, 1989. 773 0 $tVita spirituale del presbitero diocesano oggi.$dPonteranica (BG) : Centro Eucaristico, 1989.$w()35121 996 $6245$aI presbiteri e la condivisione dei beni nella comunione ecclesial Centro Eucaristico, 1989.$9(OLS)http://semarc/title/377203